000 00485nam a2200181Ia 4500
005 20250923145342.0
008 008 250917s9999 xx 000 0 eng d
037 _aTextual
040 _aDSWL
_beng
_cDSWL
041 _aeng
_2eng
084 _aYX
_qDSWL
100 _aHalmos, Paul
_9834384
245 4 _aThe faith of the counsellors
_c by Paul Halmos
260 _aLondon
_bConstable
_c1965
300 _a220p.
942 _cTEXL
_hYX
999 _c1450337
_d1450337